[Event "Olympiad-37"]
[Site "Turin"]
[Date "2006.05.31"]
[Round "10"]
[White "Atalik, Suat"]
[Black "Pantsulaia, Levan"]
[Result "0-1"]
[WhiteElo "2632"]
[BlackElo "2611"]
[Annotator "Atalik,S"]
[PlyCount "130"]
[EventDate "2006.05.21"]
[EventType "team-swiss"]
[EventRounds "13"]
[EventCountry "ITA"]
[SourceTitle "CBM 113"]
[Source "ChessBase"]
[SourceDate "2006.07.31"]
[SourceVersion "1"]
[SourceVersionDate "2006.07.31"]
[SourceQuality "1"]
[WhiteTeam "Turkey"]
[BlackTeam "Georgia"]
[WhiteTeamCountry "TUR"]
[BlackTeamCountry "GEO"]

1. d4 Nf6 2. c4 e6 3. Nf3 c5 4. d5 exd5 5. cxd5 d6 6. Nc3 a6 $6 {Inclusion of
these moves is to white's advantage in many lines.} 7. a4 g6 8. Nd2 $1 Nbd7 9.
e4 Bg7 10. Be2 (10. Nc4 Nb6 11. Ne3 O-O 12. Bd3 Nh5 $1 $132 {was an
overestimated line for white years ago.}) 10... O-O 11. O-O Re8 {White has to
give a decision now.} 12. Ra3 {Petrosian's bread and butter.} (12. f4 $5 c4 13.
Kh1 Nc5 14. e5 dxe5 15. fxe5 (15. Nxc4 exf4 16. Bxf4 Nce4 $132) 15... Rxe5 16.
Nxc4 Rf5 (16... Re8 17. Bg5 $1 $16) 17. Bf4 $16 {and black does not have his
usual counterplay with b6 and Ba6 due to early introduction of a6 and a4
respectively.} (17. Bf3 Ng4 18. Bxg4 Rxf1+ 19. Qxf1 Bxg4 20. Bf4 $16)) (12. Ra2
$5 Ne5 13. b3 $5 {looked to extravagante.} (13. f4 $2 Neg4 14. Ndb1 Nxe4 $1 15.
Nxe4 Nxh2 $3 $19)) 12... Rb8 13. h3 $1 Qe7 14. a5 h6 15. f4 $1 $16 {White
controls a good part of the board.} (15. Re1 g5 16. Rb3 Ne5 17. Nf1 Qc7 $132) (
15. Nc4 g5 16. Rb3 Ne5 17. Nb6 Nfd7 $132) 15... b5 16. axb6 Rxb6 17. Kh1 Bb7
18. Bd3 $1 h5 {h5-h4,Nh5 looks like being his best counterplay considering the
circumstances.} 19. Nc4 Rb4 20. Na5 $1 (20. Na2 $2 Nxe4 $1 $19 (20... Rxc4 21.
Bxc4 Nxe4 $44)) 20... h4 21. Nc6 Bxc6 $2 {I was surprised for his reaction.} (
21... Qf8 22. Qf3 $1 {None of the rest is giving anything real.} (22. Qe1 Rd4
23. Bc2 Nxd5 (23... Rxd5 24. Na5 Ba8 25. Nxd5 Nxd5 26. Qxh4 $18) 24. Nxd4 cxd4
25. Nxd5 Bxd5 26. Qxh4 Bxe4 27. Bxe4 Rxe4 28. Rxa6 d3 $44) (22. Re1 Nh5 23. Kh2
Ng3 24. Qg4 Nf6 $1 $132) (22. Kh2 Nxe4 23. Nxe4 Rbxe4 24. Bxe4 Rxe4 $44) (22.
Nxb4 $2 cxb4 23. Rb3 bxc3 24. Rxb7 Nc5 25. Rb6 Nfxe4 26. Bxe4 Nxe4 27. Kh2 Ng3
$40) 22... Nh5 23. Kh2 Ng3 24. Rd1 $16) 22. dxc6 Nb6 (22... Nb8 23. Nd5 Nxd5
24. exd5 Bxb2 25. Bxb2 Rxb2 26. f5 $18 (26. Rb3 Rxb3 27. Qxb3 f5 28. Qb6 $18))
23. Rxa6 Nh5 24. Kh2 Ng3 25. Re1 $1 {This is the right square for the rook
since queen should break free on the d1-g4 diagonal.} (25. Rf3 $2 Qc7 26. Nd5
Nxd5 27. exd5 Qc8 $1 $13) 25... d5 {I have thought that he blundered.In
reality I did this with my text.Strangely I have played this a little bit too
fast.} (25... Qc7 26. Qg4 d5 27. e5 $18) 26. Rxb6 $4 {A real howler!} (26. e5
d4 (26... c4 27. Rxb6 Rxb6 28. Nxd5 Qc5 29. Nxb6 cxd3 30. Be3 Qxc6 31. Qxd3 $18
) 27. Na2 $18) (26. Bd2 $1 {I have hit to this move some hours after the game
wandering here and there thinking about it.} dxe4 27. Nxe4 Rxe4 28. Bxe4 Nxe4
29. Rxb6 $18 {with an easy win.}) 26... Bxc3 $1 27. Rxb4 Bxb4 28. Bd2 dxe4 (
28... Bxd2 29. Qxd2 dxe4 30. Bc4 Rd8 31. Qa5 $11) 29. Bxb4 cxb4 30. Bc4 (30.
Bxe4 $2 {does not work.} Nxe4 31. Qd5 Kh8 $1 (31... Kg7 32. c7 f5 33. Qb7 $18)
(31... Kf8 $2 32. c7 f5 33. Qc6 Rc8 34. Qxg6 $44) 32. c7 f5 33. Qc6 Rc8 34.
Qxg6 Qg7 35. Qh5+ Kg8 $19) (30. Bb5 Rd8 31. Qg4 $132) 30... Rd8 31. Qg4 Kf8 (
31... Kg7 32. Qg5 Qxg5 33. fxg5 Rc8 34. Bd5 e3 35. Kg1 $11) 32. Qg5 (32. c7
Qxc7 33. Qxh4 Kg7 34. Qxg3 Qxc4 35. f5 Re8 (35... Qd4 36. fxg6 fxg6 37. Qc7+
Rd7 38. Rxe4 Qxe4 39. Qxd7+ Kf6 $14 {The extra pawn does not make much
difference here.}) 36. fxg6 fxg6 $11) (32. Rc1 Nf5 33. Bxf7 $2 Qxf7 (33... Kxf7
$2 34. c7 Rc8 35. Rc6 Nd6 36. Rxd6 Qxd6 37. Qxc8 Qxf4+ 38. Kg1 Qc1+ $11) 34. c7
Rc8 $19) 32... Qxg5 33. fxg5 Ke7 34. Ba6 $2 {The funny thing is that I thought
I was winning.In deed after the text white is lost.} (34. Kg1 $2 Rd4 35. b3 Rd6
36. Ra1 Rxc6 37. Ra7+ Kd6 38. Rxf7 Ke5 $19) (34. Rc1 $6 Rc8 $1 (34... Kd6 $2
35. Rd1+ Kc7 36. Rxd8 Kxd8 37. Kg1 e3 38. Bxf7 Ne2+ 39. Kf1 Nf4 40. b3 Kc7 41.
Be8 $11) 35. Bd5 e3 (35... Rc7 $2 36. Bxe4 Nxe4 37. Re1) 36. Re1 e2 37. Bf3 $15
) (34. b3 $1 {is the move since white will be in need of anchoring the bishop
after the exchange of passers c for e.} Rc8 35. Bd5 f5 36. gxf6+ Kxf6 37. Bxe4
Re8 38. c7 Rc8 39. Bd3 Rxc7 40. Bc4 $11) 34... Kd6 35. Rd1+ Kc7 36. Rxd8 Kxd8
37. Kg1 $8 (37. Bc4 e3 38. Kg1 Ne4 $1 $19) 37... e3 38. Bc4 Ne4 39. Bd3 Nxg5
40. Kf1 Kc7 $138 (40... f5 $1 {was easily winning.However being in time
trouble he became nervous and missed it.} 41. Ke2 f4 {Black can protect his
important central pawn now.} 42. Bxg6 Kc7 43. Be8 Kd6 (43... Ne4 $5) 44. Kd3
Ne4 45. Bh5 Nd2 $19) 41. Ke2 Kxc6 42. Kxe3 Kd5 43. Kf4 Ne6+ (43... Kd4 44. Bb5
Ne4 45. Kg4 Ke3 $19) 44. Kg4 Kd4 45. Bb5 $1 g5 46. Be8 (46. Kf5 Ke3 47. Kf6 Kf2
48. Bc6 Kg3 $19) 46... f5+ $4 $19 {He wanted to give me a present.} (46... f6
$1 $19) 47. Kxf5 Ng7+ 48. Kxg5 Nxe8 49. Kxh4 {Black has won a piece but
white's outside pawns counterbalances for that.} b3 (49... Kd3 50. Kg5 Kc2 51.
h4 Kxb2 52. h5 Nd6 53. Kf6 $1 Ne4+ 54. Kg6 b3 55. h6 Kc2 56. h7 b2 57. h8=Q
b1=Q $11) (49... Ke5 50. Kg5 Nd6 51. h4 Ke6 52. Kg6 Nc4 53. b3 $1 Ne3 54. h5
Nxg2 55. h6 Nf4+ 56. Kg5 $1 Nd3 57. h7 Ne5 58. Kf4 Nf7 59. Ke4 $11) (49... Nd6
50. Kg5 Nc4 51. h4 Nxb2 52. h5 Nc4 53. h6 Ne5 54. h7 Nf7+ 55. Kf6 Nh8 56. Kg7
b3 57. Kxh8 b2 58. Kg8 b1=Q 59. h8=Q+ $14) 50. Kg5 Nd6 (50... Ng7 51. h4 Kd3
52. h5 Nxh5 53. Kxh5 Kc2 54. g4 $11) 51. h4 Kd3 52. h5 Kc2 53. Kg6 $4 {So far
everything was going ok.Usual story with h pawn compenasating for off sided
knight kept the game in balance.} (53. Kf6 $1 {First this} Ne4+ (53... Kxb2 54.
h6 Ka3 55. h7 b2 56. h8=Q b1=Q 57. Qa8+ Kb4 58. Qb8+ Nb5 59. Qf4+ $11) 54. Kg6
$11) 53... Kxb2 54. h6 Ka3 55. h7 b2 56. h8=Q b1=Q+ $19 {Due to bad king white
loses the game.Exactly the same ending was won by Predrag once.} 57. Kg7 Qb2+
58. Kh7 Qc2+ 59. Kg8 Qc4+ 60. Kh7 (60. Kg7 Qd4+ 61. Kh7 Qe4+ 62. Kh6 Qh4+ 63.
Kg7 Nf5+ 64. Kg8 Qc4+ $19) 60... Qe4+ 61. Kg8 Qd5+ 62. Kg7 Qxg2+ 63. Kh7 Qh3+
64. Kg7 {This loses a little bit earlier} ({than} 64. Kg8 Qe6+ 65. Kh7 Qf5+ 66.
Kg7 Qe5+ 67. Kg8 Qe8+ 68. Kh7 (68. Kg7 Nf5+) 68... Qh5+ 69. Kg7 Nf5+ 70. Kg8
Qe8+ 71. Kh7 Qf7+ $19) 64... Nf5+ 65. Kg8 Qb3+ {mates or wins the queen.} 0-1

[Event "SRB Central-ch op-A 7th"]
[Site "Paracin"]
[Date "2014.07.11"]
[Round "9"]
[White "Drenchev, Petar"]
[Black "Atalik, Suat"]
[Result "1-0"]
[WhiteElo "2511"]
[BlackElo "2550"]
[Annotator "Atalik,S"]
[PlyCount "209"]
[EventDate "2014.07.04"]
[EventType "swiss"]
[EventRounds "9"]
[EventCountry "SRB"]
[SourceTitle "CBM 163"]
[Source "ChessBase"]
[SourceDate "2014.11.11"]
[SourceVersion "1"]
[SourceVersionDate "2014.11.11"]
[SourceQuality "1"]

1. d4 Nf6 2. c4 c5 3. d5 g6 {Georgians especially Jobava made pretty good
results out of this system.} 4. Nc3 Bg7 5. e4 O-O 6. Nf3 e6 7. Nd2 exd5 (7...
d6 8. Be2 Re8 9. O-O Na6 10. dxe6 $1 Bxe6 11. Nb3 Qb6 12. Bg5 Nb4 13. Nd2 $14 {
was approved by Petrosian.}) 8. cxd5 d6 9. Be2 {Now we entered the Modern
Benoni territory.} {Velimirovic was also fond of this move} Nbd7 10. O-O Re8
11. a4 (11. Qc2 Nb6 $5 {Mecking!}) 11... a6 $5 (11... Ne5 12. Ra3 (12. Ndb1 $5)
(12. Qc2 Bg4 $5) 12... g5 13. Qc2 g4 14. Nd1 Nh5 15. Ne3 Nf4 16. Bb5 $1 {
This is the idea which forces Black to commit a6.} Rf8 17. Re1 Qh4 18. Bf1 Nf3+
19. Nxf3 gxf3 20. Nc4 fxg2 21. Bxg2 Nxg2 22. Kxg2 f5 23. Nxd6 Be5 24. Rg3+ $5
Bxg3 25. hxg3 $16) 12. Ra3 (12. Re1 h5 $5 13. h3 Rb8 14. a5 Qe7 15. Ra3 Ne5 16.
f4 Ned7 $13 {Arun Prasad-Pantsulaia, Kolkata 2014.}) 12... Rb8 {Not the first
time it is played.} (12... Ne5 13. Qc2 (13. Re1 g5 $1 (13... Nfg4 $6 {I was
never convinced that this works.} 14. h3 Nxf2 15. Kxf2 Qh4+ 16. Kg1 Bxh3 (16...
Ng4 17. Bxg4 Bxg4 18. Ne2 Bd4+ 19. Kh1 $16) (16... b5 17. axb5 Bxh3 18. Nf1 Ng4
19. g3 Qh5 20. Bxg4 Bxg4 21. Qc2 Bd4+ 22. Be3 Bf3 23. Qh2 $18) 17. Nb5 $1 Bg4
18. Nc7 c4 19. Nf1 Nd3 20. Rxd3 Bxe2 21. Qxe2 cxd3 22. Qf2 $16) 14. Nf1 h6 15.
Qc2 Rb8 16. Ng3 Ng6 17. Bd2 Nf4 $132) 13... g5 14. Nd1 $1 {This is supposed to
be the real maneuver.} Ng6 (14... Bd7 15. a5 Ng6 16. Ne3) 15. Ne3 Rb8 16. a5
Nf4 17. Bd1 {The Portisch-Gligoric approach leads certainly to better
positions for White.} Bd7 18. f3 $16) 13. a5 {Tigran Vartanovich Petrosian's
move!} (13. Qc2 Ne5 (13... Qe7 $5) {I was concerned about} 14. f4 (14. Re1 $6
Nfg4 $1 {This only works fine when White has put his queen on c2.} 15. Nf1 (15.
h3 Nxf2 16. Kxf2 Qh4+ 17. Kf1 Bxh3 18. Nf3 Bxg2+ 19. Kxg2 Nxf3) 15... f5 $132)
14... Neg4 15. Nf3 (15. Nc4 $2 b5 $17) 15... Bd7 (15... c4 $5) 16. a5 c4 $132)
{Finally I was happy to see} 13... Ne5 14. Qc2 (14. f4 Neg4 15. Nc4 Nxe4 16.
Bxg4 Bxg4 17. Qxg4 Bd4+ 18. Kh1 (18. Ne3 Nxc3 19. Rxc3 Bxc3 20. bxc3 Qxa5)
18... Nf2+) (14. Re1 g5 15. Nf1 h6 16. Ng3 Ng6 $132) 14... g5 15. Re1 {Not the
most dangerous!} (15. Nd1 $142 $1 {As usual Gligoric-Portisch approach should
prevail!}) 15... h6 $1 16. Nf1 Ng6 17. Ne3 {I have always thought that the
combination of Ne3 and Ng3 is the best tandem.} (17. Ng3 $142 Nf4 (17... b5 18.
axb6 Qxb6 19. Nd1) 18. Bd2 b5 (18... h5 19. Bf3 (19. Bxf4 gxf4 20. Nxh5 Nxh5
21. Bxh5 Be5 $44) 19... h4 20. Nge2 N6h5 21. Na4 $16) (18... Ng4 19. Bxg4 Bxg4
20. Nd1 {Khismatullin-Yuffa, Tyumen 2012.}) 19. axb6 Qxb6 20. Nd1 $13) 17...
Bd7 18. Bd2 Qe7 19. Nc4 (19. Rb3 $5 Nxe4 20. Nxe4 Qxe4 21. Qxe4 Rxe4 22. Bxa6
Rb4 23. Rxb4 cxb4 $13 {is a mess.}) 19... Nh7 $5 {An inspired idea idea,
g4-Nf6-h7-g5. Is it unstoppable? I doubt it.} (19... Bb5 $5 20. f3 Bxc4 21.
Bxc4 Nh5 22. Ne2 Nhf4 23. g3 Nxe2+ 24. Bxe2 Bd4+ 25. Kg2 $14) 20. Bf1 $6 {
My opponent not only was consuming huge chunks of time also started to play
bad around here.} (20. Rb3 $1 Ne5 (20... g4 $2 21. Rb6) 21. Rb6 Nxc4 22. Bxc4
$16 {probes Benoni's structural problems!}) 20... g4 21. Nb6 $6 ({Maybe it was
not too late for} 21. Rb3 Ne5 22. Rb6 Nxc4 23. Bxc4 Ng5 24. Qb3 Be5 25. Bxg5 (
25. Rxb7 $2 Nf3+ 26. gxf3 gxf3 $19) 25... hxg5 26. Rxb7 Rxb7 27. Qxb7 Bc8 $1
$132) 21... Rbd8 22. Nxd7 Rxd7 23. Na4 Qh4 24. Bc3 (24. Nb6 Rdd8 25. Nc4 Bd4
26. Be3 Qf6 27. Bxh6 Nf4 28. Bxf4 Qxf4 $44) 24... Be5 25. g3 Qh5 26. h4 $2 {
Further weakening for the king's flank.} (26. Nb6 $1 Rdd8 (26... Ng5 $2 27. f4
Nf3+ 28. Kh1 Nxe1 29. Bxe1) 27. Nc4 Bxc3 28. Qxc3 Ne5 29. Bg2 Ng5 30. Nxe5 Rxe5
31. Rb3 Rd7 32. Rb6 Nf3+ 33. Bxf3 gxf3 34. Re3 Qh3 35. Rxf3 Rxe4 36. Re3 Qf5
$13) 26... Bxc3 $5 (26... gxh3 27. Be2 Qg5 28. Bxe5 Rxe5 29. Bf1 Rde7 $40) 27.
Rxc3 f5 28. b4 $2 $138 {This should have been the final mistake in this game.}
cxb4 29. Rc8 Ne5 30. Bg2 Nf6 $2 (30... Rde7 31. Rb1 fxe4 32. Bxe4 Nf6 33. Rxb4
Nxe4 34. Rxe4 Qf5 35. Rxe8+ Rxe8 36. Nc3 Rc8 $19) (30... f4 31. Nb6 (31. gxf4
Nf3+ 32. Bxf3 gxf3 33. Rxe8+ Qxe8 34. Kh2 Rg7 $19) 31... Rg7 $19 {were two
different ways of cashing the point!}) 31. exf5 $1 $132 {I have completely
missed this one.} b3 (31... Rde7 $142 32. Kf1 (32. Re3 Nf3+ 33. Bxf3 Rxe3 34.
fxe3 gxf3 $17) 32... Kg7 33. Rc7 $1 $132) (31... Nf3+ $4 32. Bxf3 $18) 32. Qc3
Qxf5 33. Rxe8+ Nxe8 34. Qxb3 Rc7 35. Qe3 (35. Be4 Qf8 36. Nc3 Rf7 $40) 35...
Qf6 36. Nb6 Kf7 $5 37. Qe4 {I started to just hang around in his time trouble.}
(37. f4 gxf3 38. Rf1 Kg7 39. Bxf3 $132) 37... Ng7 38. Rb1 Nf5 39. Kh1 Kg7 40.
Rd1 $2 (40. Qf4 $5) 40... h5 $2 ({I should have tried my original intention
which could have bring a nasty position to play under severe time pressure for
me.} 40... Nxh4 $3 41. gxh4 Qxf2 $19 42. Rf1 Qxh4+ 43. Kg1 Qg5 $44) 41. Qf4 $1
{He reapeired his mistake.} Ne7 42. Qe3 Rc5 43. Qd2 Qf5 44. Rf1 N7g6 45. Qb2 $2
(45. Qe3 $5) 45... Rc2 $5 (45... Rxa5 46. Qb4 (46. Nc4 Rb5 47. Nxd6 Rxb2 48.
Nxf5+ Kf6 $17) 46... Rc5 47. Na4 Rc4 48. Qxb7+ Qd7 $1 49. Qxd7+ Nxd7 50. Nb2
Rb4 $17) 46. Qd4 (46. Qb1 Ne7 (46... Kf6 $2 47. Qb4)) 46... Qf6 (46... Qd3 47.
Qa4) 47. Be4 Ra2 (47... Nxh4 $2 {is refuted by} 48. Qe3 $1 $18 (48. Nd7 $6 Nxd7
49. Qxf6+ Kxf6 50. Bxc2 Nf3 51. Rb1 Nc5 $44)) (47... Re2) 48. Kg2 $6 $138 (48.
Qe3 $5) 48... Rxa5 $2 ({Once again I had to try the sac!} 48... Nxh4+ $1 49.
gxh4 Qf4 50. Nc4 Ra4 51. Qe3 Qxe3 52. Nxe3 Rxe4 53. Rb1 $132) 49. Rc1 $14 Nf7
$2 {I have also blundered on the eve of time trouble.} (49... Nh8 50. Rc7+ Nhf7
51. Rxb7 Rb5 $14) 50. Qxf6+ $2 {He could have taken over the initiative} ({with
} 50. Qd2 $142 Rb5 (50... Ra1 $2 51. Nd7 $18) 51. Nd7 Qe7 52. Bxg6 Qxd7 53.
Bxh5 Qf5 54. Qd4+ Ne5 55. Rc7+ Kh8 56. Qf4 Qxf4 57. gxf4 Nd3 58. Kg3 $40) 50...
Kxf6 51. Nd7+ Kg7 52. Rc7 Nf8 $2 ({Why not} 52... b5 $142) 53. Rxb7 Nxd7 54.
Rxd7 Ra2 55. Kf1 Kf6 56. f4 gxf3 $4 ({I had to agree for a draw with} 56... a5
57. Bh7 Ra1+ (57... a4 58. Bg8) 58. Ke2 Ra2+ 59. Kf1 $11) (56... Ra1+ 57. Ke2)
57. Bxf3 $16 Ne5 $2 {Collapse!} (57... Kg6 $142 58. Bxh5+ Kxh5 59. Rxf7 Kg4 60.
Rf6 a5 $132) 58. Rxd6+ Kf5 59. Bxh5 a5 $138 (59... Ke4 $5 60. Rd8 $18) 60. Be2
a4 61. h5 Nf7 62. Ra6 a3 63. h6 $18 {I have really succeeded to accomplish
everything possible to lose this game. Strange enough in spite of all this
abuse my wreck kept on resisting!} Ra1+ 64. Kf2 $2 {Noo need to allow Rh1} (64.
Kg2 $18) 64... Rh1 65. h7 Rh2+ (65... Ke5 66. Rxa3 Rh2+ 67. Ke3 Rxh7 68. Ra7
$18 {could have transposed into the game.}) 66. Ke3 Ke5 67. Rxa3 $5 (67. Bd3
$18) 67... Rxh7 68. Bf3 $2 ({The pin should have won the game on the spot.} 68.
Ra7 Ng5 69. Rxh7 Nxh7 70. Bf3 Nf6 71. Kf2 $1 Ne8 72. Kg2 Nd6 73. Kh3 Kf5 74.
Kh4 Nf7 75. g4+ Kf6 76. Kh5 $18 {pushes Black easily.}) 68... Nd6 $16 {With
the rooks there is still some hope left!} 69. Kf2 Nc4 70. Rd3 Rh2+ $2 (70...
Kd6 $16) 71. Bg2 Kd6 72. Rd4 $1 {Did Rh4 consist as a threat?} Nb6 ({Maybe not:
} 72... Ne5 73. g4 (73. Rh4 $2 Nd3+ 74. Kf1 Rxh4 75. gxh4 Nf4 $11) 73... Kc5
74. Ra4 $16) 73. g4 $2 Rh8 $4 {Finally he blundered and I did not see.
Terrible!} (73... Ke5 $1 74. Rd1 (74. Re4+ Kxd5 $11) 74... Kf4 $11) 74. Kg3 Rg8
75. Rf4 Nd7 76. Bf3 Ne5 (76... Kc5 $142) 77. Rf6+ Kc5 78. Rf5 (78. Kf4 $142 $18
) 78... Nc4 (78... Kd4 $142 79. Rf6 Rg7) 79. Kf4 Nd6 80. Rf6 Ne8 81. Rc6+ Kd4
82. g5 $2 {Still enough to win} ({but} 82. Rc8 $18 {would have forced the
resignation.}) 82... Ng7 83. Kg4 Ne8 84. d6 Rg7 85. Kh5 $4 {Another case of
double blindness was coming.} (85. Kf5 Rf7+ 86. Ke6 Rxf3 87. d7 Ng7+ 88. Ke7
Nf5+ 89. Kf7 $1 $18) 85... Rh7+ $4 (85... Ke5 86. Kh6 Ra7 87. d7 Rxd7 88. Bg4
Re7 $11) 86. Kg6 $18 {From here and on there was nothing left to go wrong for
my opponent.} Rd7 87. Kf5 Rxd6 (87... Nxd6+ 88. Ke6 $18) 88. Rxd6+ Nxd6+ 89.
Ke6 {The minor piece ending is won for White due to zugzwangs.} Ne8 90. g6 Ke3
91. Bc6 Ng7+ 92. Kf6 Nh5+ 93. Ke5 {Too cautious!} (93. Kf7 Kf4 94. Ba4 Ng3 95.
Kf8 Nf5 96. Bd7 Nh6 97. Kg7 Kg5 98. Be6 $1 $18 (98. Bh3 $4 Ng8 $11)) 93... Kf2
94. Kf5 Kg3 95. Ba4 Kh4 96. Bd1 Ng7+ 97. Kf6 Ne8+ 98. Kf7 Nd6+ (98... Kg5 99.
Bc2 $22 {would have been beautiful after all.}) 99. Ke7 Nf5+ 100. Kf6 Nd6 101.
Ba4 Ne4+ 102. Kf7 Nd6+ $2 (102... Kg5 103. g7 Nf6 104. Bc2 $22 $18) (102... Ng3
$5 {might have been the trickiest as my roommate IM Nenad Doric mentioned.}
103. Bc2 (103. Bd1 Nf5 104. Kf6 Nd6 105. Bc2 Kh5 106. Ke7 Nc8+ 107. Kf8 $18)
103... Nh5 104. Bd1 Ng3 105. Ke6 $18) 103. Ke6 Ne4 104. g7 Ng5+ 105. Ke7 1-0

[Event "USA-ch"]
[Site "Greenville"]
[Date "1983.??.??"]
[Round "1"]
[White "Benjamin, Joel"]
[Black "De Firmian, Nick E"]
[Result "1-0"]
[WhiteElo "2475"]
[BlackElo "2475"]
[Annotator "Bulletin"]
[PlyCount "79"]
[EventDate "1983.07.??"]
[EventType "tourn"]
[EventRounds "13"]
[EventCountry "USA"]
[EventCategory "10"]
[SourceTitle "MCL"]
[Source "ChessBase"]
[SourceDate "1999.07.01"]
[SourceVersion "1"]
[SourceVersionDate "1999.07.01"]
[SourceQuality "1"]

1. d4 Nf6 2. c4 e6 3. Nf3 c5 4. d5 exd5 5. cxd5 d6 6. Nc3 g6 7. e4 Bg7 8. Nd2
O-O 9. Be2 Re8 (9... Na6 10. O-O Nc7 11. a4 b6) 10. O-O Nbd7 11. a4 Ne5 12. Re1
a6 13. Qc2 Rb8 14. a5 Nh5 $5 15. Bxh5 gxh5 16. Nd1 Bd7 (16... b5 17. axb6 Rxb6)
(16... Kh8) 17. Ne3 Qf6 18. Ra3 Re7 19. h3 $1 Rbe8 20. Qd1 $1 h4 (20... Qg6 $6
21. f4) (20... Qg5 21. Nec4) 21. Rf1 $1 Ng6 (21... Bb5 22. f4 $1 Bxf1 23. fxe5)
22. Nec4 Nf4 23. Qf3 Bb5 $2 (23... Kh8 {24...Tg8}) 24. Re3 $1 Bh6 25. b3 $1 Qg6
26. Rfe1 Bd7 $2 (26... Nh5 27. Nxd6 $1 Bxe3 28. Rxe3 Qxd6 29. Qxh5 $18) (26...
Kh8 $5 27. Bb2+ f6 28. Nxd6 Rg8 29. Nf5 $5 (29. Kh1) 29... Nxg2 $1 30. Nxe7
Nxe1+ 31. Nxg6+ Rxg6+ 32. Qg4 Rxg4+ 33. hxg4 Bxe3 34. Bxf6+ Kg8 35. fxe3 h3 $10
) 27. Kh1 Nh5 28. Nxd6 $1 Bxe3 29. Rxe3 Qxd6 (29... Rb8 30. N2c4) 30. Qxh5 Qf4
31. Rf3 Re5 (31... Qe5 32. Qxh4 Qa1 33. Rg3+ Kh8 34. Kh2) 32. Qxh7+ Kxh7 33.
Rxf4 f5 34. f3 $1 Kg6 (34... Rxd5 35. exd5 Re1+ 36. Kh2 Rxc1) 35. Rxh4 Bb5 36.
Bb2 R5e7 37. Rf4 Rf7 38. Kh2 Bd3 39. Kg3 Rfe7 $2 40. Rxf5 1-0

[Event "IBM-18 Grootmeestergroep A"]
[Site "Amsterdam"]
[Date "1978.07.??"]
[Round "1"]
[White "Ribli, Zoltan"]
[Black "Hort, Vlastimil"]
[Result "1-0"]
[WhiteElo "2585"]
[BlackElo "2620"]
[Annotator "Gagarin,V"]
[PlyCount "103"]
[EventDate "1978.07.13"]
[EventType "tourn"]
[EventRounds "13"]
[EventCountry "NED"]
[EventCategory "12"]
[SourceTitle "MCL"]
[Source "ChessBase"]
[SourceDate "1999.07.01"]
[SourceVersion "1"]
[SourceVersionDate "1999.07.01"]
[SourceQuality "1"]

1. d4 Nf6 2. c4 c5 3. d5 e6 4. Nc3 exd5 5. cxd5 d6 6. Nf3 g6 7. Nd2 Nbd7 8. e4
Bg7 9. Be2 O-O 10. O-O Re8 11. a4 a6 12. Ra3 (12. Qc2 $14) 12... Rb8 13. a5 Qc7
(13... Qe7 $14) 14. Qc2 (14. h3 b5 15. axb6 Rxb6 16. Qc2 $14) 14... Ra8 $2 (
14... b5 $6 15. axb6 Rxb6 16. Nc4 (16. b3 Rb4 $6 17. Bxa6 Bxa6 18. Rxa6 $16 {
Yanvarjov,I-Doghri,N/Moscow/1991/1:0/28/}) 16... Rb4 17. Bf4 Bf8 18. f3 (18.
Bg3 $16) 18... Nb6 19. b3 Nh5 20. Bd2 Bg7 21. g4 Nxc4 22. Bxc4 Nf6 23. Ne2 $16
{Pinter,J-Gobet,F/Rome/1986/1:0/48/}) (14... Ne5 $5 15. f4 Neg4 16. Nc4 Nh5 17.
Kh1 (17. e5 $6 dxe5 18. d6 (18. h3 exf4 $1 19. hxg4 Bd4+ 20. Rf2 f3 $1 21. d6
fxe2 $19 {Nunn/}) 18... Qd8 19. Nd5 exf4 (19... e4 $15) 20. Nxf4 $1 Bf5 (20...
Nxf4 21. Bxg4) 21. Qd1 Nxf4 22. Bxg4 Bxg4 23. Qxg4 Ne2+ 24. Kh1 f5 25. Qf3 Re4
$15 {Toth,B-Nunn,J/Geneva/1979/}) 17... Qd8 18. Bxg4 Bxg4 19. e5 Qh4 20. Ne4
dxe5 $13 {Nunn/}) (14... h6 15. b3 g5 16. Bb2 Ne5 17. Nd1 $14 {Bischoff,
K-Luther,Th/Altensteig/1995/0,5/35/}) 15. b3 $16 {()/} Re7 (15... b5 16. axb6
Nxb6 17. Bb2 Nh5 $2 18. Bxh5 gxh5 19. Nd1 f6 20. b4 Ra7 21. bxc5 Qxc5 22. Rc3
Qa5 23. Ne3 $16 {>< f5,c4/} Bd7 24. Ra1 Na4 25. Rc4 Rb7 26. Bc3 Qb6 27. Raxa4
$18 {Petrosian,T-Lutikov,A/URS/1981/}) (15... Rb8 16. Nc4 b5 17. axb6 Nxb6 18.
Bf4 $16) 16. Bb2 Rb8 17. h3 Ne8 18. Kh1 Nf8 (18... Ndf6 $5 19. Raa1 Bd7 20. f4
$5 $16) 19. Bd3 Bd7 20. f4 Qd8 (20... Rd8 $5 $16 {/\ Bc8/}) 21. Ra2 Nf6 22. Rf3
Be8 23. Qb1 Bd7 24. Qf1 Ne8 25. Ba1 (25. Nc4 $14) 25... Bd4 26. Nc4 Bb5 27. Ne2
$1 (27. Nxb5 $6 axb5 28. Nb6 Bxa1 29. Rxa1 Nc7 30. b4 $1 c4 31. Bc2 Na8 $1 32.
Nxa8 Rxa8 $14) 27... Bxa1 28. Qxa1 Bxc4 (28... f6 $5 $16) (28... Nd7 $5 $16)
29. bxc4 {>< b7/} Nd7 30. Ng3 f6 (30... Nef6 $5 31. Re3 Qc7 $16) 31. Bc2 Rc8 (
31... b5 $5 32. axb6 Nxb6 33. Bd3 Reb7 $1 34. Nf1 {>< a6/} (34. Rxa6 $2 Nxc4 $1
) 34... Nc7 35. e5 $16) 32. Rb2 {>< b7/} Rc7 33. Rfb3 Nf8 34. Rb6 Ng7 35. Rb1
Rf7 36. Qc3 Rce7 37. Nf1 Ne8 (37... f5 $2 38. e5 $18) (37... Nh5 $5 $16) 38.
Nh2 $1 {/\ Ng4/} h5 {>< g6/} 39. Nf3 Ng7 40. e5 $1 $18 fxe5 41. fxe5 Rxf3 $5 (
41... Ne8 42. e6 Rg7 43. Ng5 Nh7 44. Nf7 $18 {() ><b7,d6,g6/}) 42. Qxf3 Rxe5
43. Rxb7 Nf5 44. Bxf5 Rxf5 45. Qc3 Nd7 46. Ra7 Ne5 47. Qb2 $1 Qf8 (47... Qxa5
$2 48. Qb8+ Rf8 49. Qxf8+ $1 $18) 48. Kh2 h4 (48... Rf2 49. Qxf2 $1 Qxf2 50.
Rb8+ Qf8 51. Rxf8+ Kxf8 52. Rxa6 $18) 49. Qb7 Rf7 50. Qxa6 Qg7 51. Qc8+ Kh7 52.
Rxf7 (52. Rxf7 Nxf7 53. a6 $18) 1-0